The Contemporary atlas of China / (Record no. 1430)

MARC details
000 -LEADER
fixed length control field 00899cem a2200337 4500
005 - DATE AND TIME OF LATEST TRANSACTION
control field 20260322212100.0
007 - PHYSICAL DESCRIPTION FIXED FIELD--GENERAL INFORMATION
fixed length control field data
008 - FIXED-LENGTH DATA ELEMENTS--GENERAL INFORMATION
fixed length control field data
010 ## - LIBRARY OF CONGRESS CONTROL NUMBER
LC control number 88009452
020 ## - INTERNATIONAL STANDARD BOOK NUMBER
International Standard Book Number 0395473292
020 ## - INTERNATIONAL STANDARD BOOK NUMBER
International Standard Book Number 9780395473290
034 0# - CODED CARTOGRAPHIC MATHEMATICAL DATA
Category of scale a
040 ## - CATALOGING SOURCE
Original cataloging agency DLC
Transcribing agency DLC
Modifying agency DLC
-- OCoLC
-- DLC
043 ## - GEOGRAPHIC AREA CODE
Geographic area code a-cc---
050 00 - LIBRARY OF CONGRESS CALL NUMBER
Classification number G2305
Item number .C986 1988
052 ## - GEOGRAPHIC CLASSIFICATION
Geographic classification area code *
082 00 - DEWEY DECIMAL CLASSIFICATION NUMBER
Classification number 912/.51
Edition information 19
092 ## - LOCALLY ASSIGNED DEWEY CALL NUMBER (OCLC)
Classification number 912 C986 1988
001 - CONTROL NUMBER
control field data
245 04 - TITLE STATEMENT
Title The Contemporary atlas of China /
Statement of responsibility, etc. edited by Nathan Sivin.
255 ## - CARTOGRAPHIC MATHEMATICAL DATA
Statement of scale Scales differ.
260 ## - PUBLICATION, DISTRIBUTION, ETC.
Place of publication, distribution, etc. Boston :
Name of publisher, distributor, etc. Houghton Mifflin,
Date of publication, distribution, etc. 1988.
300 ## - PHYSICAL DESCRIPTION
Extent 1 atlas (200 p.) :
Other physical details col. ill., col. maps ;
Dimensions 31 cm.
500 ## - GENERAL NOTE
General note Includes indexes.
590 ## - LOCAL NOTE (RLIN)
Local note In English.
651 #0 - SUBJECT ADDED ENTRY--GEOGRAPHIC NAME
Geographic name China
General subdivision Maps.
651 #0 - SUBJECT ADDED ENTRY--GEOGRAPHIC NAME
Geographic name China
General subdivision History.
651 #0 - SUBJECT ADDED ENTRY--GEOGRAPHIC NAME
Geographic name China
General subdivision Social conditions
Chronological subdivision 1976-2000.
651 #0 - SUBJECT ADDED ENTRY--GEOGRAPHIC NAME
Geographic name China
General subdivision Economic conditions
Chronological subdivision 1976-2000.
700 1# - ADDED ENTRY--PERSONAL NAME
Personal name Sivin, Nathan.
Holdings
Withdrawn status Lost status Damaged status Not for loan Home library Current library Shelving location Date acquired Total checkouts Full call number Barcode Date last seen Price effective from Koha item type
        Troy Troy General stacks 22/03/2026   912/.51 19 BC0011477 22/03/2026 22/03/2026 Books